Paroles - Ne me quitte pas - Jacques Brel - Statistiques

Statistiques générales
  • Ce quiz a été pris 1 706 fois
  • Le résultat moyen est 247 sur 295
Statistiques - réponses
Réponse % Correct
me
100%
Ne
100%
ne
100%
pas
100%
qui
99%
quitte
99%
de
97%
je
97%
97%
il
96%
des
95%
la
93%
93%
ma
92%
te
92%
à
91%
a
91%
et
91%
Et
91%
le
91%
pleut
89%
tout
89%
tu
89%
oublier
88%
pays
88%
pluie
88%
faut
87%
perles
87%
ton
87%
pour
86%
roi
85%
venues
85%
peut
84%
sera
84%
s'oublier
83%
temps
83%
t'offrirai
83%
un
83%
l'amour
82%
reine
82%
moi
81%
mort
81%
seras
81%
loi
80%
corps
79%
d'or
79%
malentendus
79%
ce
78%
lumière
78%
couvrir
77%
déjà
77%
perdu
76%
terre
76%
ferai
75%
domaine
71%
on
71%
jusqu'après
70%
pu
70%
ces
69%
pourquoi
69%
s'enfuit
69%
ta
69%
du
68%
creuserai
67%
est
67%
volcan
67%
plus
66%
qu'on
66%
savoir
66%
trop
66%
vu
66%
n'avoir
65%
coeur
64%
croyait
64%
feu
64%
vieux
64%
coups
63%
souvent
63%
comment
62%
noir
62%
que
62%
rencontrer
62%
rouge
62%
chien
61%
l'ombre
61%
qu'un
61%
rejaillir
61%
parler
60%
blé
59%
bonheur
59%
l'ancien
59%
main
59%
meilleur
59%
paraît-il
59%
parfois
59%
quand
59%
avril
58%
brulées
58%
ciel
58%
regarder
58%
terres
58%
donnant
57%
l'histoire
57%
ont
57%
raconterai
57%
amants
56%
heures
56%
ombre
56%
soir
55%
fois
54%
parlerai
54%
vient
54%
flamboie
52%
leurs
51%
mots
51%
s'épousent-ils
51%
deux
50%
coeurs
49%
t'inventerai
48%
comprendras
47%
devenir
47%
rire
47%
s'embraser
47%
tuaient
47%
danser
45%
vais
45%
chanter
44%
insensés
44%
cacherai
43%
laisse-moi
42%
pleurer
41%
puis
40%
sourire
40%
t'écouter
38%
Aucun quiz correspondant
Distribution des résultats
% des personnes avec chaque résultat
Percentile par nombre de réponses
Votre historique - résultats
Vous n’avez pas pris ce quiz